[Event "Groningen Harmonie"]
[Site "Groningen"]
[Date "2002.12.21"]
[Round "1"]
[White "Ernst, Sipke"]
[Black "Nijboer, Friso"]
[Result "1/2-1/2"]
[WhiteElo "2497"]
[BlackElo "2556"]
[Annotator "Krasenkow,M"]
[PlyCount "73"]
[EventDate "2002.12.21"]
[EventType "tourn"]
[EventRounds "9"]
[EventCountry "NED"]
[EventCategory "10"]
[SourceTitle "CBM 093"]
[Source "ChessBase"]
[SourceDate "2003.04.01"]
[SourceVersion "1"]
[SourceVersionDate "2003.04.01"]
[SourceQuality "1"]

1. d4 Nf6 2. c4 g6 3. Nc3 d5 4. cxd5 Nxd5 5. e4 Nxc3 6. bxc3 Bg7 7. Nf3 c5 8.
Rb1 O-O 9. Be2 cxd4 10. cxd4 Qa5+ 11. Bd2 Qxa2 12. O-O b6 13. Qc1 Qe6 {A rare
continuation nowadays but popular at the end of 80s.} (13... Bb7 {is the main
line.}) 14. Bc4 Qxe4 15. Re1 Qb7 16. Bb4 Be6 (16... e6 {doesn't bring Black
enough compensation for the exchange:} 17. Bxf8 Bxf8 18. Qg5 Be7 19. Qf4 Nd7
20. d5 Nc5 21. Ng5 Bxg5 22. Qxg5 Bd7 23. h4 $18 {1-0 Sandstrom,L-Jasnikowski,Z/
Copenhagen 1989/EXT 97 (32)}) 17. Rxe6 {White must sac the exchange to
continue his attack.} (17. d5 $6 {is not dangerous:} Bxd5 18. Rxe7 Nd7 19. Bb5
Rfd8 20. Qe3 Bf6 21. Re1 Bxe7 22. Bxe7 Re8 23. Ng5 h6 24. Qh3 Nf6 25. Bxe8 Rxe8
26. Qc3 Rxe7 27. Rxe7 Qxe7 {0-1 Schoen,W-Ernst,T/Malmo 1988/CBM 11 (27)}) 17...
fxe6 18. Ng5 Nc6 $1 {The best reply.} (18... Kh8 $2 {was refuted in a
brilliant way by GM A.Vaisser:} 19. Rb3 $1 (19. Qe3 {is less strong:} Nd7 ({or
} 19... Qc7 20. Qxe6 Bxd4 ({but not} 20... Bf6 $2 21. Nf7+ Kg7 22. Bd2 g5 {
1/2-1/2 Wells,P-Szeberenyi,A/Zalakaros 1998/EXT 2002 (41)} 23. Bxg5 $1 Bxg5 24.
Rb5 $3 $18) 21. Nf7+ Rxf7 22. Qxf7 Nc6 $13) 20. Nxh7 $6 (20. Qxe6 Nf6 $13)
20... Kxh7 21. Qh3+ Bh6 22. Bd2 g5 23. Bxg5 Rf6 24. Rb5 Rh8 $13 {1/2-1/2
Cebalo,M-Balenovic,Z/Makarska Tucepi 1995/EXT 97 (49)}) 19... Nd7 (19... Rc8
20. Rh3 Rxc4 21. Rxh7+ Kg8 22. Qf4 Bf6 23. Rh8+ Kg7 24. Rh7+ Kg8 25. Bxe7 Rc1+
26. Qxc1 Bxg5 27. Qxg5 Qe4 $2 (27... Kxh7 28. Qf6 Nd7 29. Qf7+ Kh6 30. h4 $18)
28. Rg7+ Kxg7 29. Qf6+ Kg8 30. Qf8+ Kh7 31. Qf7+ Kh6 32. Bf8+ Kg5 33. h4+ Kxh4
34. Qh7+ Kg5 35. Be7+ Kf4 36. Qh4+ {1-0 Touzane,O-Kouatly,B/FRA 1993/TD (36)})
20. Rh3 h5 (20... Nf6 $2 21. Qb1 $1 Nh5 22. Rxh5 Rf6 23. Rxh7+ Kg8 24. Qb3 Qc6
25. Qh3 $1 $18 {Vaisser,A 2530-Andrianov,N 2445, USSR 1988}) 21. Qb1 (21. Bxe6
Rac8 22. Qb1 Bh6 23. Bd2 Kg7 24. Rxh5 Qc6 25. Qa1 Qc2 26. Rxh6 Kxh6 27. Qe1 Qa4
28. h3 $40 {1-0 Bormida,A-Schulze,M/IECG 2001/Complete 2001 (35)}) 21... Rf5
22. Nf7+ Kh7 23. Bxe6 Rb5 (23... Nf6 24. Bxf5 gxf5 25. Qxf5+ Kg8 26. Ne5 $16)
24. Bc4 Qc6 25. Bxb5 Qxb5 26. g4 $40 {1-0 Chorfi,K-Schulze,M/IECG 2001/
Complete 2001 (42)}) (18... Nd7 {is not good either:} 19. Nxe6 Kh8 20. Nxf8 (
20. Bxe7 $2 Rfc8 21. Nxg7 Qc6 22. Rb4 b5 23. Ne8 Qe4 24. Nd6 Qxe7 25. Nxc8 Qxb4
{0-1 Gelfand,B-Dorfman,J/Minsk 1986/EXT 97 (38)}) 20... Rxf8 21. Qe3 Rc8 22.
Be6 Bf6 23. g4 $16 {1-0 Gonzalez,J-Perez Moregon,J/Havana 1992/EXT 2000 (26)})
(18... Qc6 19. Bxe6+ (19. Nxe6 Rc8 20. Nc7+ Kh8 21. Bd5 Qxc1+ 22. Rxc1 Na6 23.
Bxa8 Rxc7 $15 {0-1 Plass,H-Schockenbaeumer,D/Germany 1992/TD (48)}) 19... Kh8
20. Bxe7 $16) (18... Bh6 19. Bxe6+ Kg7 20. d5 Na6 21. Bc3+ Rf6 22. h4 Qc7 23.
Qe3 Nc5 24. Be5 Qd8 25. Rd1 a5 26. Rd2 a4 27. d6 $36 {1-0 Brenninkmeijer,
J-Hensbergen,W/Bussum 1988/EXT 2002 (33)}) 19. Qe3 $146 {A new attacking
attempt.} (19. Nxe6 {was played in previous games, with the following
possibilities:} Kh8 20. Nxf8 (20. Bc3 {is parried by accurate play:} Bf6 21.
Qh6 Rf7 $1 (21... Rg8 22. Re1 Rg7 $6 (22... Nd8 $2 23. Nf8 $1 (23. Ng5 Rg7 24.
Re3 Rc8 25. Nxh7 Nf7 26. Bxf7 Rxh7 27. Qxg6 Rf8 $13 {1-0 Kjartansson,
D-Szeberenyi,A/Balatonlelle 2000/CBM 77 ext (36)}) 23... e6 24. Nxg6+ Rxg6 25.
Qf8+ Rg8 26. Qxf6+ Qg7 27. d5 $18 {A.Vaisser}) (22... Qc8 $142 23. Re3 $40 {
A.Vaisser}) 23. g4 Na5 24. Bd3 Qc6 25. Ba1 Rf7 26. g5 Bg7 27. d5 $1 Qxd5 28.
Bxg7+ Kg8 29. Bxg6 {1-0 Vaisser,A-Pein,M/Budapest 1989}) 22. Nc5 Qc8 23. Bxf7
Qf5 $1 (23... bxc5 24. Bxg6 Qg8 25. Be4 cxd4 26. Bxc6 dxc3 27. Bxa8 Qxa8 28.
Qf4 $18 {1-0 Kibalnichenko,S-Sorokin,V/cr 1990 (43)}) 24. Bxg6 (24. Qc1 Nxd4 $1
$17 {S.Ivanov} (24... bxc5 25. dxc5 Nd4 26. Bc4 Qxc5 27. Bb4 Qc6 28. Bd3 Qxc1+
29. Rxc1 a5 30. Ba3 Rb8 31. Bc4 Rc8 32. f4 a4 33. Kf2 Nb3 34. Rc2 Nd4 35. Rc1
Nb3 36. Rc2 Nd4 {1/2-1/2 Ivanov,S-Svensson,B/Sweden 1999/EXT 2000 (36)})) 24...
Qxg6 25. Qxg6 hxg6 26. Ne6 Rc8 27. g4 Nd8 28. Nxd8 Rxd8 29. Rb4 Rc8 $15 {
1/2-1/2 Agrest,E-Moberg,K/Gothenburg 1996 (51)}) 20... Rxf8 21. Bd5 Rf6 22.
Bxe7 Qxe7 23. Bxc6 Rf8 24. Qe3 Qd6 25. d5 Be5 26. g3 Qf6 27. Rd1 Bd6 28. Qd4
Be5 29. Qe3 Bd6 30. Qd4 {1/2-1/2 Sjodin,B-Moberg,K/Sweden 1998/EXT 2000 (30).})
19... Bf6 (19... Bxd4 $6 20. Qxe6+ Kg7 21. Qe4) 20. Nxe6 Kh8 21. Qe4 Qc8 $6 {
A nervous move.} (21... Rfc8 {was cool-headed, with unclear consequences after}
22. Bd5 Qd7 23. Bd2 Nd8 $1 24. Nxd8 Qxd8 25. Bxa8 Rxa8) 22. Nxf8 Nxb4 23. Nxg6+
hxg6 24. Rxb4 Kg7 {With opposite-coloured bishops White maintains good
attacking chances.} 25. Qd5 $6 {Too fast.} (25. g3 $1 {was an essential
prophylaxy, with a clear advantage for White.}) 25... Qe8 26. Bb5 Rc8 $1 27. g3
Qf7 28. Qe4 a5 {Due to White's inaccuracy, Black has gained several tempi and
can start his own counterplay.} 29. Rb1 Rd8 30. Rd1 Qd5 31. Qe2 Bxd4 32. Qxe7+
Qf7 33. Qxf7+ Kxf7 34. Kg2 {Black can't avoid the exchange of rooks and the
game ends in a draw.} g5 35. f4 gxf4 36. gxf4 Bf6 37. Rxd8 1/2-1/2

[Event "Hastings 0203 78th"]
[Site "Hastings"]
[Date "2003.01.05"]
[Round "9"]
[White "Sasikiran, Krishnan"]
[Black "Tseshkovsky, Vitaly"]
[Result "1/2-1/2"]
[WhiteElo "2670"]
[BlackElo "2545"]
[Annotator "Krasenkow,M"]
[PlyCount "208"]
[EventDate "2002.12.28"]
[EventType "tourn"]
[EventRounds "9"]
[EventCountry "ENG"]
[EventCategory "12"]
[SourceTitle "CBM 093"]
[Source "ChessBase"]
[SourceDate "2003.04.01"]
[SourceVersion "1"]
[SourceVersionDate "2003.04.01"]
[SourceQuality "1"]

1. d4 Nf6 2. c4 g6 3. Nc3 d5 4. cxd5 Nxd5 5. e4 Nxc3 6. bxc3 Bg7 7. Rb1 O-O 8.
Nf3 c5 9. Be2 Bg4 10. O-O cxd4 11. cxd4 Nc6 $6 {An attempt to evade the theory.
However, with material balance White obtains a clear advantage.} (11... Bxf3 {
is the main line.}) 12. d5 Na5 13. Qa4 (13. Be3 $5 {was curious to provoke the
weakening ...b6}) 13... Rc8 14. Bd2 Bc3 15. Bh6 Bg7 (15... Bxf3 16. Bxf3 Rc4
17. Qa3 Bg7 18. Bxg7 Kxg7 19. e5 {was quite grim for Black.}) 16. Bxg7 Kxg7 17.
Qd4+ Kg8 18. Qxa7 Rc2 19. Bd3 Rxa2 20. Ra1 $6 {This inaccurate move spoils
White's kingside pawn structure, after which even winning a pawn proves
insufficient for the victory.} (20. Ne5 Be2 21. Bxe2 Rxe2 22. Qd4 $16 {[%csl
Ra5,Rb7,Gd5,Re2,Ge4]}) 20... Rxa1 21. Rxa1 Bxf3 22. gxf3 b6 23. Rb1 e6 24. Qxb6
exd5 25. Qc5 Nc4 26. Bxc4 dxc4 27. Rc1 Qc8 28. Qxc4 Qxc4 29. Rxc4 {Hectic
attempts to create something out of this endgame prove fruitless.} Ra8 30. Kg2
Kg7 31. f4 Kf6 32. Rc5 Ra4 33. f3 Ra3 34. Kg3 Ra1 35. h4 Rh1 36. f5 Kg7 37. Ra5
Rg1+ 38. Kh2 Rf1 39. Kg2 Re1 40. Rb5 Ra1 41. h5 Rc1 42. Kg3 Rh1 43. hxg6 hxg6
44. fxg6 Kxg6 45. Rb6+ Kg7 46. e5 Rg1+ 47. Kf4 Rf1 48. Ke4 Re1+ 49. Kf5 Rf1 50.
f4 Kf8 51. Rb7 Rf2 52. Rb1 Ra2 53. Kg4 Ra5 54. Rb7 Kg7 55. Rc7 (55. e6 Kf6 56.
exf7 Kg7 $11) 55... Rb5 56. Rd7 Kf8 57. Kf5 Kg7 58. Ke4 Rb4+ 59. Rd4 Rb5 60. f5
Rb7 61. Kd5 Rb5+ 62. Ke4 Rb1 63. Rc4 Rd1 64. Rc7 Re1+ 65. Kd5 Rf1 66. f6+ Kg6
67. Kd6 Ra1 68. Rc2 (68. Ke7 Ra6) 68... Ra6+ 69. Rc6 Ra7 70. Rc2 Ra6+ 71. Kd5
Ra5+ 72. Rc5 Ra6 73. Rc6 Ra5+ 74. Kd6 Ra7 75. Rc8 Ra6+ 76. Kd7 Ra7+ 77. Rc7 Ra6
78. Ke8 Ra8+ 79. Ke7 Ra6 80. Rc5 Ra7+ 81. Kd8 Kf5 82. Ke8 Kg6 83. Rd5 Ra8+ 84.
Ke7 Ra7+ 85. Rd7 Ra6 86. Ke8 Ra8+ 87. Rd8 Ra6 88. Kf8 Rb6 89. Re8 Ra6 90. Kg8
Ra1 91. Rf8 Re1 92. Re8 Ra1 93. Kf8 Rh1 94. Ke7 Ra1 95. Rg8+ Kf5 96. Kxf7 Ra7+
97. Kf8 Kxe5 98. Rg7 Ra8+ 99. Kf7 Kf5 100. Ke7 Ra7+ 101. Kf8 Ra8+ 102. Ke7 Ra7+
103. Kd6 Ra6+ 104. Kc5 Rxf6 1/2-1/2

[Event "USA-ch"]
[Site "Saint Louis"]
[Date "2017.04.06"]
[Round "8"]
[White "Onischuk, Alexander"]
[Black "Robson, Ray"]
[Result "1-0"]
[WhiteElo "2667"]
[BlackElo "2668"]
[Annotator "Krasenkow,M"]
[PlyCount "129"]
[EventDate "2017.03.29"]
[EventType "tourn"]
[EventRounds "11"]
[EventCountry "USA"]
[EventCategory "18"]
[SourceTitle "CBM 178"]
[Source "ChessBase"]
[SourceDate "2017.05.14"]
[SourceVersion "1"]
[SourceVersionDate "2017.05.14"]
[SourceQuality "1"]

1. d4 Nf6 2. c4 g6 3. Nc3 d5 4. cxd5 Nxd5 5. e4 Nxc3 6. bxc3 Bg7 7. Nf3 c5 8.
Be3 Qa5 9. Qd2 O-O 10. Rc1 Nd7 {This passive move hardly matches the active ...
Qd8-a5.} (10... Rd8 {is the most popular among other continuations like}) (
10... cxd4) (10... Bg4 {etc.}) 11. Bd3 (11. d5 {is a good alternative.}) 11...
b6 {Among others:} (11... e5 12. d5 b5 (12... f5 13. Bg5 Nf6 14. Bxf6 Bxf6 15.
O-O f4 16. Rb1 $14 {1/2 (44) Pavlovic,M (2541)-Sedlak,N (2580) Valjevo 2011})
13. c4 b4 14. O-O f5 15. Bh6 Bxh6 16. Qxh6 f4 17. Rfd1 Qc7 18. Bc2 Qd6 19. Ba4
Nf6 20. Ng5 $16 {1/2 (52) Beradze,I (2425)-Fier,A (2619) Tbilisi 2016}) (11...
Nb6 12. Bh6 Rd8 13. Bxg7 Kxg7 14. d5 f6 15. c4 Qxd2+ 16. Nxd2 Bd7 17. f4 $14 {
1/2 (36) Banikas,H (2450)-Rowson,J (2490) Tallinn 1997}) (11... Nf6 12. O-O b6
13. d5 (13. Ne5 $1 Bb7 14. f3 $14) 13... e6 14. c4 Qxd2 15. Bxd2 Ba6 16. Rfd1
Rfe8 17. Bc3 exd5 18. exd5 Ne4 19. Bxg7 Kxg7 20. a4 Nd6 $11 {1/2 (78) Gledura,
B (2557)-Piorun,K (2681) Katowice 2016}) 12. O-O (12. d5 Nf6 (12... Ba6 13. c4
Qxd2+ 14. Kxd2 e6 15. Rhe1 Rae8 16. h3 h6 17. g4 $14 f5 $6 18. dxe6 f4 19. exd7
fxe3+ 20. Rxe3 Rd8 21. e5 Rxd7 22. Ke2 $16 {1-0 (60) Gheorghiu,F (2540)
-Buljovcic,I (2430) Novi Sad 1979}) 13. c4 Qxd2+ 14. Bxd2 e6 15. O-O {- see
above}) 12... e6 (12... Ba6 {is probably more logical to "justify" ...Qd8-a5
but White keeps the initiative in any case, say, after} 13. Bxa6 Qxa6 14. e5 {
[%csl Rd7]}) 13. Qe2 $1 Bb7 14. Nd2 $1 {[%csl Ra5][%cal Rd2c4]} Qxa2 {
Desperation. Black now loses a queen without sufficient compensation.} (14...
Bc6 15. Nc4 Qa4 16. Nd6 $16) 15. Ra1 Qb2 16. Rfb1 $1 Qxc3 17. Nc4 Nf6 (17... b5
$5 18. Ra3 Qb4 $5 19. dxc5 $1 Qxb1+ 20. Bxb1 bxc4 21. Qxc4 $16) 18. Ra3 Nxe4
19. Bxe4 Bxe4 20. Rxc3 Bxb1 {White's technical task is far from easy but GM
Alex Onischuk gradually solves it.} 21. Rc1 cxd4 22. Bg5 (22. Rxb1 dxe3 23.
Nxe3 Rac8 {gives Black better chances to build up a fortress.}) 22... d3 23.
Qd2 Rfc8 (23... Bc2 24. Ne3) 24. Rxb1 Rxc4 25. Qxd3 Rc5 26. h4 h5 27. Rd1 Rd5
28. Qf3 Rxd1+ 29. Qxd1 a5 30. Qf3 Ra7 31. Be3 Rc7 32. Bxb6 Rc1+ 33. Kh2 Rc4 34.
g3 a4 35. Qa8+ Kh7 36. Qa7 Kg8 37. Qa6 Rb4 38. Bc5 Rb8 39. Qxa4 Bf6 $2 {
This helps White but the g3-g4 break would finally be decisive in any case.}
40. Qf4 Rc8 41. Qxf6 Rxc5 {[%mdl 4096]} 42. Qd8+ Kh7 43. Qf8 $1 {The key point.
White's queen gets this powerful position, and White's king easily advances to
Black's camp.} Rf5 44. Kg2 Rf6 45. Kf1 ({But not} 45. f4 $2 Rf5 46. Kf3 {due to
} e5) (45. f3 Rf5 46. g4 hxg4 47. fxg4 Rf4 {is not so clear either.}) 45... Rf5
46. Ke2 e5 {This pawn is now weak, and White comes back to the idea of g3-g4.}
(46... Rf6 47. f4 Rf5 48. Kd3 Rd5+ 49. Ke3 Rf5 50. Ke4 $22 $18) 47. Kf1 Rf6 48.
Kg2 Rf5 49. f3 Rf6 50. Qe7 Rf5 51. g4 hxg4 52. fxg4 Rf4 53. Kg3 Rf1 54. Qxe5
Rg1+ 55. Kf3 Rb1 56. Qd4 Rc1 57. Kf4 Re1 58. Qb4 Rf1+ 59. Ke5 Kg7 60. Kd6 Rf6+
61. Kd7 Re6 62. Qc4 g5 63. h5 Re5 64. Qd4 f6 65. Kd6 {[%cal Rd4e5]} (65. Kd6
Re1 66. Qa7+ Kg8 67. h6 $18) 1-0

[Event "WchT 8th"]
[Site "Ningbo"]
[Date "2011.07.17"]
[Round "1.1"]
[White "Aronian, Levon"]
[Black "Sutovsky, Emil"]
[Result "1-0"]
[WhiteElo "2805"]
[BlackElo "2700"]
[Annotator "Krasenkow,M"]
[PlyCount "75"]
[EventDate "2011.07.17"]
[EventType "team-tourn"]
[EventRounds "9"]
[EventCountry "CHN"]
[SourceTitle "CBM 144"]
[Source "ChessBase"]
[SourceDate "2011.09.16"]
[SourceVersion "1"]
[SourceVersionDate "2011.09.16"]
[SourceQuality "1"]
[WhiteTeam "Armenia"]
[BlackTeam "Israel"]
[WhiteTeamCountry "ARM"]
[BlackTeamCountry "ISR"]

1. d4 Nf6 2. c4 g6 3. Nf3 Bg7 4. Nc3 d5 5. cxd5 Nxd5 6. e4 Nxc3 7. bxc3 c5 8.
Be3 Qa5 9. Nd2 {This rare move was always considered harmless.} cxd4 (9... O-O
10. Be2 (10. Nb3 Qxc3+ 11. Bd2 Qb2 12. Bc1 Qc3+ 13. Bd2 {1/2 Keene,R (2490)
-Adorjan,A (2545)/New York 1981/MCD}) 10... Qxc3 (10... b6 $5 11. O-O Ba6 12.
Nc4 Bxc4 13. Bxc4 Nc6 $11 {1/2 Chojnacki,K (2437)-Tomczak,J (2548)/Poznan POL
2011/The Week in Chess 872 (38)}) 11. Rc1 Qa5 12. Rxc5 Qxa2 13. O-O Nc6 (13...
Na6 14. Rc2 Qa5 15. Qb1 Qd8 16. Rfc1 b6 17. Qa1 Nb4 18. Rb2 $36 {1-0 Laznicka,
V (2681)-Navara,D (2722)/Novy Bor CZE 2011/The Week in Chess 874 (35)}) 14. Rc4
Qa5 15. d5 Ne5 16. Ra4 Qc7 17. f4 b5 18. Ra3 Nc4 19. Qc2 e6 20. Bxc4 bxc4 21.
Qxc4 Qd8 22. Bd4 exd5 23. exd5 Bb7 $11 {1/2 Kasimdzhanov,R (2687)-Navara,D 
(2638)/Wijk aan Zee 2009/CBM 129 (26)}) (9... Nd7 10. Nb3 Qc7 (10... Qxc3+ 11.
Bd2 Qb2 12. Bc1 Qc3+ $11) 11. Be2 (11. Bb5 O-O 12. O-O Nf6 {[%cal Rf6g4]} 13.
f3 a6 14. Be2 c4 15. Nd2 b5 16. f4 Bb7 17. Bf3 Nd7 18. f5 e5 $1 19. fxe6 fxe6
20. e5 Bxf3 21. Nxf3 Qc6 $15 {0-1 Vanheste,J (2380)-Tukmakov,V (2570)/Ostend
1990/EXT 1997 (46)}) 11... O-O 12. O-O b6 13. Qc1 Bb7 14. f3 Rfe8 15. Rd1 Rac8
16. Bb5 Bc6 17. Ba6 Rcd8 18. Bf4 e5 19. Bg5 f6 20. Be3 Ba4 $11 {0-1 Jepson,C 
(2405)-Nielsen,P (2681)/Helsingor DEN 2011/The Week in Chess 874 (64)}) 10. Nc4
(10. cxd4 $5 Nc6 (10... b6 11. Bc4 e6 12. O-O O-O 13. d5 $14 {1-0 Nikcevic,N 
(2440)-Dzevlan,M (2405)/Banja Vrucica 1991/EXT 1997 (28)}) 11. d5 Nd4 12. Rb1 (
12. Rc1 Qxa2 13. Bc4 Qb2 14. Bxd4 Qxd4 15. Bb5+ Kf8 16. O-O Bh6 $17 {1/2
Kuligowski,A (2450)-Adorjan,A (2545)/New York 1981/MCD (42)}) 12... Bd7 13. Bd3
b6 (13... Ba4 $5) 14. O-O Qxa2 15. Ra1 Qb2 16. Nc4 Qb4 17. e5 $44 {1/2 Sek
Zbigniew (2290)-Namark/corr 1987/[Sek,Z] (42)}) 10... dxe3 $5 $146 {[%mdl 512]
A controversial queen sacrifice, especially as Black has nothing to worry
about after} (10... Qd8 11. cxd4 O-O 12. Rb1 f5 $5 ({or} 12... b6) 13. exf5
Bxf5 14. Rxb7 Nc6 15. d5 (15. Ne5 Qc8 $1 16. Qb3+ Kh8 17. Nxc6 Qxc6 18. f3 Be6
$44) 15... Bc3+ 16. Bd2 Nd4 $1 17. Ne3 (17. Bxc3 $2 Nc2+ 18. Ke2 Qc8) 17... Qa5
18. Bxc3 Qxc3+ 19. Qd2 Qa1+ 20. Qd1 Qc3+ 21. Qd2 Qa1+ 22. Qd1 {1/2 Avrukh,B 
(2601)-Kovchan,A (2558)/Mulhouse FRA 2011/The Week in Chess 865}) 11. Nxa5
Bxc3+ 12. Ke2 Bxa5 13. Kxe3 O-O 14. Bb5 a6 15. Ba4 b5 16. Qd5 Ra7 17. Bb3 Bg4
$2 (17... Rd7 $142 18. Qc5 Bb7 19. Rhd1 Rc7 $44) 18. Qg5 Bb6+ 19. Kf4 Be6 20.
Bxe6 fxe6+ 21. Kg3 {The white king has escaped, Black's bishop pair has
vanished, and White finally converts his material advantage.} Nc6 22. Kh3 Nd4
23. Rhd1 Rc7 24. Rac1 Rxc1 25. Rxc1 Ne2 26. Qe5 Bd4 (26... Nxc1 27. Qxe6+ Kg7
28. Qxb6 $18 {[%csl Rc1]}) (26... Rf6 27. Qb8+ (27. Rc2 $5 Nf4+ 28. Kg4) 27...
Kg7 28. Qxb6 Nxc1 29. Qe3 Nxa2 30. e5 Rf5 31. Qd2 Kf7 32. Qxa2 Rxe5 33. Qxa6 {
, and White should break down Black's fortress.}) 27. Qxe6+ Rf7 28. Rc8+ Kg7
29. g3 Ng1+ 30. Kg2 Rxf2+ 31. Kh1 Nf3 32. Qxe7+ Kh6 33. Qf8+ Kh5 34. Rc5+ Ng5
35. Rxg5+ Kxg5 36. Qd8+ Bf6 37. Qd3 Kg4 38. Qe3 1-0

[Event "Kharkov Rector Cup 4th"]
[Site "Kharkov"]
[Date "2002.03.28"]
[Round "9"]
[White "Moiseenko, Alexander"]
[Black "Kovchan, Alexander"]
[Result "1-0"]
[WhiteElo "2559"]
[BlackElo "2507"]
[Annotator "Krasenkow,M"]
[PlyCount "89"]
[EventDate "2002.03.22"]
[EventType "tourn"]
[EventRounds "10"]
[EventCountry "UKR"]
[EventCategory "13"]
[SourceTitle "CBM 089"]
[Source "ChessBase"]
[SourceDate "2002.08.12"]
[SourceVersion "1"]
[SourceVersionDate "2002.08.12"]
[SourceQuality "1"]

1. d4 Nf6 2. c4 g6 3. Nc3 d5 4. cxd5 Nxd5 5. e4 Nxc3 6. bxc3 Bg7 7. Nf3 c5 8.
Rb1 O-O 9. Be2 b6 10. O-O Bb7 11. Qd3 Ba6 12. Qe3 Qd7 13. d5 $5 {This pawn sac
is quite a fresh approach to this position.} (13. Bxa6 Nxa6 14. Qe2 {was
played many times - see previous issues.}) 13... Bxe2 $6 {It looks wiser to
decline the offer:} (13... Qa4 14. Bxa6 Qxa6 (14... Nxa6 $5 15. e5 $5 {Yu.
Shulman}) 15. Rb2 (15. e5 $5) 15... Qc4 16. Rb3 Nd7 17. Nd2 Qa4 18. Ra3 Qc2 19.
c4 e6 20. Qb3 (20. Qh3 Bd4 21. Qh6 Rfe8 22. Rh3 Nf8 23. Nf3 Bg7 24. Qf4 Qxc4
25. d6 e5 $17 {0-1 Pogorelov,R-Avrukh,B/Andorra 2001/CBM 83 ext (35)}) 20...
Qxb3 21. axb3 exd5 22. exd5 Rfe8 23. Nf3 Re2 24. Re1 $11 Rc2 $6 {[%csl Rc2]}
25. Bf4 Bf8 26. Kf1 f6 27. h4 Rb2 28. Rea1 $18 {[%cal Rf4c1] 1-0 Comas Fabrego,
L-Avrukh,B/Ubeda 2001/CBM 80 ext (49)}) 14. Qxe2 Bxc3 (14... e6 15. c4 {
, as usually in this structure, brings White the better prospects due to his
protected passed pawn:} Re8 16. Bb2 Bxb2 17. Qxb2 exd5 18. exd5 Qd6 19. Rfe1
Nd7 20. a4 Rab8 21. g3 a6 22. Ng5 Rxe1+ 23. Rxe1 $16 b5 $2 24. axb5 axb5 25.
Qh8+ $1 Kxh8 26. Nxf7+ Kg8 27. Nxd6 bxc4 28. Nxc4 $18 {1-0 Vera,R-Ripari,M/
Malaga 2001/EXT 2002 (41)}) 15. Bh6 Bg7 16. Bxg7 Kxg7 17. Rfd1 {Black has
serious problems developing his queenside.} Kg8 18. Rb3 Rc8 19. e5 {[%csl Gd5,
Ge5]} c4 20. e6 fxe6 21. Ne5 Qe8 (21... Qc7 22. Rg3 {[%csl Rg8]}) 22. Nxc4 Na6
23. Qxe6+ {White has recaptured the pawn maintaining excellent attacking
prospects.} Qf7 24. Qg4 Nc5 25. Rf3 Qg7 26. h4 Rf8 27. Re3 Qf6 28. f3 Rad8 29.
h5 Kg7 30. Qh3 Rd7 31. Ne5 Rc7 ({The score of the game presented in the
database contains} 31... Rd6 {which is apparently an error.}) ({But I am not
sure whether the text move or} 31... Rb7 {was actually played here. The latter
move deserved more attention as the rook was protected.}) 32. hxg6 hxg6 33. Ng4
Qg5 34. Rde1 Rf7 $2 {This leads to a quick collapse.} (34... Rf5 $142) 35. Re5
Rf5 36. Rxf5 gxf5 37. Ne3 $18 {[%csl Rf5]} f4 (37... Kg6 38. Nxf5 $1 Qxf5 39.
Qg3+ $18) 38. Nf5+ Kg8 (38... Kf7 39. Qh7+ Kf8 40. d6 $18) 39. Re5 Kf8 40. Nxe7
(40. d6 $18) 40... Qg7 41. Qf5+ Qf7 42. Ng6+ Kg7 43. Qg4 Qf6 44. Nxf4+ Kh8 45.
Rh5+ 1-0